Amnesia- 5sos lyrics - Statistics

General Stats
  • This quiz has been taken 85 times
  • The average score is 392 of 455
Answer Stats
Hint Answer % Correct
A
100%
And
100%
Be
100%
Could
100%
Do
100%
Chorus | Verse 1 I
100%
It
100%
Me
100%
The
100%
To
100%
Way
100%
We
100%
You
100%
You?
100%
Your
100%
About
98%
All
98%
Amnesia
95%
Forget
95%
Getting
95%
Remember
95%
Tell
95%
That
95%
Up
95%
Wake
95%
Was
95%
Wish
95%
With
95%
By
93%
Felt
93%
Friends
93%
Hang
93%
How
93%
Leavin’
93%
Little
93%
Outro No
93%
Out
93%
Places
93%
Wasted
93%
You’re
93%
Day
91%
Down
91%
Drove
91%
Fine
91%
Fine?
91%
I’m
91%
Kiss
91%
Last
91%
Like
91%
Makeup
91%
Not
91%
So
91%
Tasted
91%
Though
91%
Told
91%
Used
91%
Were
91%
At
89%
‘Cause
89%
Doin
89%
Even
89%
Face
89%
Had
89%
Just
89%
Our
89%
Stupid
89%
Things
89%
Thought
89%
Did
86%
Feel
86%
Real
86%
Running
86%
What
86%
Dream
84%
He
84%
If
84%
In
84%
On
84%
Some
84%
Beside
80%
Didn’t
80%
Dreams
80%
Ever
80%
Lie?
80%
Need
80%
Right
80%
Them
80%
Asleep
77%
Fall
77%
Feeling
77%
Left
77%
Lonely
77%
Never
77%
Next
77%
Say
77%
When
77%
Behind
75%
Hurt
75%
Are
73%
Every
73%
He’s
73%
My
73%
Made
70%
Memories
70%
Single
70%
Somewhere
70%
Can
68%
Words
68%
Wrote
66%
Around
61%
Escape
61%
Happy
61%
Read
61%
Those
61%
Ones
59%
Pre-chorus Sometimes
59%
Start
59%
Wonder
59%
I’d
57%
Know
57%
Moved
57%
Why
57%
Asking
55%
Hurts
55%
It’s
55%
Phone
55%
Pictures
55%
Says
55%
See
55%
Still
55%
Hear
52%
Keep
52%
Livin’
52%
Haven’t
50%
I’ll
50%
Sent
50%
This
50%
Admit
48%
Is
48%
Long
48%
Happened
45%
Hold
45%
Name
45%
Seen
45%
They’re
45%
Yeah
45%
Alone
43%
Away
43%
Hard
43%
Closer
41%
Of
41%
Slip
41%
Than
41%
Twisted
41%
Before
39%
Woke
39%
You’d
39%
Really
34%
Today
32%
No matching quizzes found
Score Distribution
Percent of People with Each Score
Percentile by Number Answered
Your Score History
You have not taken this quiz